| 000 | 00399nam a22001697a 4500 | ||
|---|---|---|---|
| 003 | CEME | ||
| 005 | 20210628203710.0 | ||
| 008 | 210324b xxu||||| |||| 00| 0 eng d | ||
| 020 | _a0-87709-020-3 | ||
| 040 | _c. | ||
| 082 | _a005.133-FP CHE'F | ||
| 100 |
_aChew, David B _966907 |
||
| 245 | _aStar foxpro 2.5 | ||
| 260 |
_aUSA _bBOYD AND FRASER _c1995 |
||
| 300 | _aXII, 188P | ||
| 942 |
_cBK _2ddc |
||
| 999 |
_c574771 _d574771 |
||